Tři muži ve člunu : o psu nemluvě /
Rozmarný příběh tří přátel, kteří se vypraví společně na několikadenní dovolenou na řece Temži, patří ke klasickým dílům světové humoristické literatury.
Uloženo v:
| Série: | Tři muži,
část 1 |
|---|---|
| Hlavní autor: | |
| Další autoři: | |
| Médium: | E-kniha |
| Jazyk: | Czech |
| Vydáno: |
Praha :
XYZ,
2018
|
| Témata: | |
| Příbuzné jednotky: | Z cyklu::
Tři muži |
| Tagy: |
Žádné tagy |
| LEADER | 02533nam a2200469 i 4500 | ||
|---|---|---|---|
| 001 | 311012 | ||
| 003 | CZ PrSKC | ||
| 005 | 20260601215658.0 | ||
| 007 | ta | ||
| 008 | 180528s2018 xr a g 000 f cze | ||
| 015 | |a cnb002999042 | ||
| 020 | |a 9788075970497 |q (vázáno) | ||
| 035 | |a (OCoLC)1048454126 | ||
| 040 | |a OLA001 |b cze |d ABA001 |e rda | ||
| 041 | 1 | |a cze |h eng | |
| 072 | 7 | |a 821.111-3 |x Anglická próza, anglicky psaná |2 Konspekt | |
| 080 | |a 821.111-31 |2 MRF | ||
| 080 | |a (0:82-311.5) |2 MRF | ||
| 100 | 1 | |a Jerome, Jerome K. |q (Jerome Klapka), |d 1859-1927 |7 jn19981001562 |4 aut | |
| 240 | 1 | 0 | |a Three men in a boat. |l Česky |7 aun2008438832 |
| 245 | 1 | 0 | |a Tři muži ve člunu : |b o psu nemluvě / |c Jerome K. Jerome ; z anglického originálu Three men in a boat ... přeložil Miroslav Macek |
| 246 | 3 | 0 | |a Tři muži ve člunu o psu nemluvě |
| 246 | 1 | 6 | |a Tři muži ve člunu (o psu nemluvě) |
| 264 | 1 | |a Praha : |b XYZ, |c 2018 | |
| 300 | |a 228 stran : |b ilustrace ; |c 19 cm | ||
| 336 | |a text |b txt |2 rdacontent | ||
| 337 | |a bez média |b n |2 rdamedia | ||
| 338 | |a svazek |b nc |2 rdacarrier | ||
| 520 | 2 | |a Rozmarný příběh tří přátel, kteří se vypraví společně na několikadenní dovolenou na řece Temži, patří ke klasickým dílům světové humoristické literatury. | |
| 520 | 2 | |a Vyprávění je pestrou směsicí příhod a událostí, které aktéry po dobu svérázné výpravy potkávají na palubě jejich pramice i v rázovitých pobřežních hospůdkách. Autor je charakteristický klidným, suchým anglickým humorem, s jehož pomocí odhaluje s laskavým porozuměním lidské slabosti, zlozvyky a návyky a velebí přátelskou solidaritu a touhu po dobrodružství. | |
| 655 | 7 | |a anglické romány |7 fd131814 |2 czenas | |
| 655 | 7 | |a humoristické romány |7 fd132431 |2 czenas | |
| 655 | 9 | |a English fiction |2 eczenas | |
| 655 | 9 | |a humorous novels |2 eczenas | |
| 700 | 1 | |a Macek, Miroslav, |d 1944-2024 |7 jn20000401683 |4 trl | |
| 787 | 0 | 8 | |i Z cyklu: |t Tři muži |g 1 |
| 900 | |a ABA001 |b 20 | ||
| 928 | 9 | |a Albatros Media - XYZ | |
| 044 | |a xr | ||
| 910 | |a RBIT002 | ||
| 998 | |d 183853 |a https://core.palmknihy.cz/api/books/183853/cover?skagv0 |b https://core.palmknihy.cz/api/books/183853/cover/400?skagv0 |c https://core.palmknihy.cz/api/books/183853/cover/50?skagv0 |e 2050-12-31 |g 232 |i 9788075970497 |j https://core.palmknihy.cz/api/books/183853/preview.epub |k https://core.palmknihy.cz/api/books/183853/preview.pdf |l |q 49 |r 1 |s https://www.palmknihy.cz/kniha/183853 |t ebook |y 2019 |z 0 |v Tři muži |w 1 | ||
| 999 | |d 311010 | ||